ბათუმის შოთა რუსთაველის სახელმწიფო უნივერსიტეტის ბიბლიოთეკა

Чистые химические вещества. (ბიბ.ჩანაწერი № 38385)

000 -LEADER
fixed length control field 00829nam a2200241Ia 4500
001 - CONTROL NUMBER
control field 4395
003 - CONTROL NUMBER IDENTIFIER
control field GE_BSU
008 - FIXED-LENGTH DATA ELEMENTS--GENERAL INFORMATION
fixed length control field 181216s||||||||xx |||||||||||||| ||und||
040 ## - CATALOGING SOURCE
Transcribing agency GE_BSU
080 ## - UNIVERSAL DECIMAL CLASSIFICATION NUMBER
Universal Decimal Classification number 546.05:542
100 ## - MAIN ENTRY--PERSONAL NAME
Personal name Карякин,Ю.В. Ангелов,И.И.
245 ## - TITLE STATEMENT
Title Чистые химические вещества.
245 ## - TITLE STATEMENT
Remainder of title Руководство по приготовлению неорганических реактивов и препаратов в лабораторных условиях.
245 ## - TITLE STATEMENT
Statement of responsibility, etc. Ред. Л.Н. Ларичева.
250 ## - EDITION STATEMENT
Edition statement Изд. 4-е пер. и доп.
260 ## - PUBLICATION, DISTRIBUTION, ETC.
Place of publication, distribution, etc. М.
260 ## - PUBLICATION, DISTRIBUTION, ETC.
Name of publisher, distributor, etc. Химия.
260 ## - PUBLICATION, DISTRIBUTION, ETC.
Date of publication, distribution, etc. 1974.
300 ## - PHYSICAL DESCRIPTION
Extent 408стр. 23 см.
300 ## - PHYSICAL DESCRIPTION
Accompanying material 66 рис.
653 ## - INDEX TERM--UNCONTROLLED
Uncontrolled term Чистые химические вещества.
942 ## - ADDED ENTRY ELEMENTS (KOHA)
Koha item type წიგნი
ეგზემპლარები
Withdrawn status Lost status Damaged status Not for loan Date acquired Barcode Date last seen Price effective from Koha item type Public note
        2018-12-17 9578 2018-12-17 2018-12-17 წიგნი საცავი